| 000 | 00446 a2200157 4500 | ||
|---|---|---|---|
| 999 |
_c7926 _d7926 |
||
| 020 | _a978072185779 | ||
| 050 | _aKTL2467 GOL 2011 | ||
| 100 |
_aGoldblatt,Beth _eeditor |
||
| 245 |
_aWomen's social and economic rights; _bDevelopments in South Africa/ |
||
| 264 |
_aSouth Africa: _bJUTA; _c2011 |
||
| 300 | _a285p.; | ||
| 500 | _aIncludes index | ||
| 650 | _aThe right to food | ||
| 700 |
_aMclean,Kirsty _eeditor |
||
| 942 |
_2lcc _cBK _h2467 _iGOL _kKTL |
||